[Event "RUS GP rap"]
[Site "Serpukhov"]
[Date "2018.02.23"]
[Round "1"]
[White "Yasakov, Igor Vladimirovich"]
[Black "Rakhmanov, Alexander"]
[Result "0-1"]
[WhiteElo "2079"]
[BlackElo "2655"]
[PlyCount "88"]
[EventDate "2018.02.23"]
[EventType "swiss (rapid)"]
[EventRounds "11"]
[EventCountry "RUS"]
[SourceTitle "CBM 183 Extra"]
[Source "ChessBase"]
[SourceDate "2018.04.19"]
[SourceVersion "1"]
[SourceVersionDate "2018.04.19"]
[SourceQuality "1"]

1. d4 Nf6 2. c4 d6 3. Nf3 g6 4. Nc3 Bf5 5. Qb3 b6 6. g3 Bg7 7. Bg2 Nc6 8. a3 0-0 9. 0-0 Ne4 10. Be3 Na5 11. Qa2 Nxc3 12. bxc3 Be4 13. Nd2 Bxg2 14. Kxg2 Qd7 15. Rac1 c5 16. d5 Qa4 17. f3 Rab8 18. Rc2 b5 19. cxb5 Rxb5 20. Rb1 Rfb8 21. Rxb5 Rxb5 22. c4 Rb6 23. Bg5 Kf8 24. e4 Ke8 25. Be3 Nb3 26. Nxb3 Qxb3 27. Qxb3 Rxb3 28. Bc1 Bd4 29. g4 Kd7 30. h3 Kc7 31. Bg5 f6 32. Bc1 Kb6 33. Kg3 Ka5 34. Bh6 Ka4 35. Bf8 Rb7 36. h4 Kxa3 37. h5 a5 38. hxg6 hxg6 39. Bh6 g5 40. f4 Rb3+ 41. Kg2 Rb2 42. Rxb2 Kxb2 43. fxg5 fxg5 44. Bxg5 a4 0-1